Einkaufs-1x1 der Deutschen Industrie 1994 Erzeugnisse und ihre Hersteller. English Index, Index francais. Im Anhang Wirtschaftsverbände und -organisationen

Gespeichert in:
Bibliographische Detailangaben
Format: Buch
Sprache:Deutsch
Veröffentlicht: Darmstadt Deutscher Adressbuch-Verlag 1994
Ausgabe:41. Aufl.
Schlagworte:
Tags: Tag hinzufügen
Keine Tags, Fügen Sie das erste Tag hinzu!

MARC

LEADER 00000nam a2200000 4500
001 c017553
005 20221205140448.6
020 |a 3-87148-163-7 
041 0 |a ger 
044 |a DE 
245 1 0 |a Einkaufs-1x1 der Deutschen Industrie 1994  |b Erzeugnisse und ihre Hersteller. English Index, Index francais. Im Anhang Wirtschaftsverbände und -organisationen 
250 |a 41. Aufl. 
264 1 |a Darmstadt  |b Deutscher Adressbuch-Verlag  |c 1994 
300 |a 1681 s. 
610 2 0 |a katalógy 
610 2 0 |a sprostredkovatelia 
610 2 0 |a priemysel 
610 2 0 |a výrobky 
610 2 0 |a organizácie 
610 2 0 |a firmy 
610 2 0 |a podnik 
610 2 0 |a Nemecko